Представление документа в формате RUSMARC

ПолеНазваниеЗначение
  Тип записи a
  Библиографический уровень m
001 Контрольный номер RSL-KNO-003387191
005 Дата корректировки 20201206204617.1
010 Индекс ISBN __
a ISBN 978-5-9533-2292-8
d Цена 169-50
100 Данные общей обработки __
a Данные общей обработки 19080220d2008 |||y1rusy0189 ca
101 Язык документа __
a Язык текста rus
c Язык оригинала rus
102 Страна публикации __
a Страна публикации ru
105 Кодированные данные (монография) __
a Кодированные данные (монография) y zzzz000zy
200 Заглавие и сведения об ответственности __
a Заглавие Погребенные под Берлинской стеной
f Первые сведения об ответственности В. Ф. Лапский
b Общее обозначение материала Текст
210 Выходные данные __
a Место издания М.
c Издательство Вече
d Дата издания 2008
215 Физическое описание __
a Объем 347, [1] с., [8] л. ил.
225 Серия __
a Серия Тайны советской эпохи
330 Аннотация __
a Аннотация Смогла ли немецкая нация стать единым народом или стена отчуждения, непонимания, которая разделяла немцев на "весси" и "осси" существует до сих пор.
606 Тематические рубрики __
a Основная рубрика История
z Хронологическая подрубрика 20 в.
y Географическая подрубрика Германия; Берлин; Россия
606 Тематические рубрики __
a Основная рубрика Новейшая история
606 Тематические рубрики __
a Основная рубрика Европа с 1918 г. -
610 Ключевые слова __
a Ключевые слова Берлинский кризис; берлинский вопрос; Берлинская стена; германский вопрос
686 Индексы других классификаций __
a Классификационный индекс 63.3(0)63
686 Индексы других классификаций __
a Классификационный индекс 63.3(4Гем)
700 Автор _1
a Фамилия Лапский
b Имя В. Ф.
g Полное личное имя Владимир Федорович
4 Код отношения 070
801 Источник записи _0
a Страна ru
b Организация Муниципальное бюджетное учреждение культуры "Централизованная библиотечная система" г. Сургут (Центральная городская библиотека им. А. С. Пушкина)
c Дата составления 20080220
g Правила каталогизации КиК/Елгина
801 Источник записи _1
a Страна ru
b Организация Муниципальное бюджетное учреждение культуры "Централизованная библиотечная система" г. Сургут (Центральная городская библиотека им. А. С. Пушкина)
c Дата составления 20080220
g Правила каталогизации КиК/Елгина
852 Данные о местонахождении __
j Шифр хранения 63.3(0)63
c Каталожный индекс 63.3(0)63; 63.3(4Гем)
i Авторский знак Л 24
901 Тип документа __
t Тип документа m
903 Характеристики (МАРС) __
a Дата передачи 20081209
990 Данные о заказе (DOS) __
j Количество экземпляров (DOS) 1
t N записи в КСУ для И/У (DOS) 200901